La Psicología evolutiva de Piaget. Con una introducción a la Epistemología Genética /

Obra que busca exponer los constitutivos fundamentales de la psicología evolutiva desarrollada por Piaget.

Guardado en:
Bibliografiske detaljer
Hovedforfatter: Mandolini Guardo, Ricardo G. (autor)
Format: Bog
Sprog:spansk
Udgivet: Buenos Aires, Argentina : Ciordia, 1988, c1988
Fag:
Tags: Tilføj Tag
Ingen Tags, Vær først til at tagge denne postø!

MARC

LEADER 00000nam^a2200000^a^4500
001 000051269
005 20250521000000.0
009 20260526115400.332
020 |a 950-575-003-X 
037 |a Acervo ITESO - Biblioteca 
041 |a ESP 
082 |a 155. 4  |b MAN 
100 |a Mandolini Guardo, Ricardo G.  |e (autor) 
245 1 3 |a La Psicología evolutiva de Piaget. Con una introducción a la Epistemología Genética /  |c R.G. Mandolini Guardo. 
264 4 |a Buenos Aires, Argentina :  |b Ciordia,  |c 1988, c1988 
300 |a 174 p. 
336 |a texto  |b txt  |2 rdacontenido 
337 |a sin mediación  |b n  |2 rdamedio 
338 |a volumen  |b nc  |2 rdasoporte 
520 |a Obra que busca exponer los constitutivos fundamentales de la psicología evolutiva desarrollada por Piaget. 
649 |a XX 
650 |a Desarrollo Cognoscitivo 
650 |a Psicología Cognitiva 
650 |a Psicología 
650 |a Psicología Evolutiva 
650 |a Epistemología 
910 |a Fondo General 
920 |a Impresos - Libros 
930 |a Colección General 
905 |a 101 
901 |a 0500008250  |b IT1  |c ACC  |u 20250521 
902 |a https://opac.biblio.iteso.mx/vufind/Record/000051269